| 000 | 01500nam2a2200301 4500 | ||
|---|---|---|---|
| 001 | RU\NLR\BIBL_A\022587175 | ||
| 005 | 20250730170141.0 | ||
| 010 |
_a978-5-6053532-0-1 _bт. 5 |
||
| 021 |
_aRU _bКН-П-25-025257 _9КН-П-25-2516 |
||
| 035 | _a(NLR Aleph) 022587175 | ||
| 090 |
_a13454521 _c13454521 |
||
| 100 | _a20250717d2025 k y0rusy50 ca | ||
| 101 | 0 |
_arus _aeng _deng |
|
| 102 | _aRU | ||
| 105 | _aach|z|||000yy | ||
| 200 | 1 | _aБезопасность и контртерроризм | |
| 210 | _d2025 | ||
| 215 |
_a282 с. _cил., табл., цв. ил., портр., факс. |
||
| 300 | _aЧасть текста англ. | ||
| 320 | _aБиблиогр. в конце ст. и в подстроч. примеч. | ||
| 461 | 0 |
_1001RU\NLR\BIBL_A\022571046 _12001#$aИзбранные произведения$eв шести томах$fЛ. С. Рубан$gпод ред. д. философ. н., профессора Л. В. Баевой$gАНО ВО "Университет мировых цивилизаций имени В. В. Жириновского" [и др.]$vТ. 5 _1700#1$aРубан$bЛ. С.$cд-р социол. наук, философ$gЛариса Семеновна$3RU\NLR\AUTH\7747889 |
|
| 606 | 1 |
_aМеждународная безопасность _z1991 - _jСборники _2nlr_sh2 _3RU\NLR\AUTH\661442915 |
|
| 686 | 1 | _aФ5(0)1я44 | |
| 686 | 1 | _aЦ8(0)1я44 | |
| 942 | _cBOOK | ||
| 980 | _aNB | ||